Vive la France - Statistiques

Statistiques générales
  • Ce quiz a été pris 36 fois
  • Le résultat moyen est 5 sur 21
Statistiques - réponses
Question Réponse % Correct
Quel fut le premier roi baptisé? Clovis
91%
Nom de la dynastie de Louis XIV Bourbons
73%
Dernier président de la IVe république René Coty
36%
Nom de celui qui l'a créée Napoléon Bonaparte
33%
2 décembre 1804 Sacre de Napoléon
33%
Nom du service de renseignement extérieur DGSE
27%
Saint Roi Louis IX
27%
Ancien oui dans le nord Oil
24%
Qui l'a baptisé ? Saint Rémi
21%
Vainqueur de verdun Maréchal Pétain
21%
Date de la mort de Louis XVI 21 janvier 1793
18%
Quelle prestigieuse école fut créée en 1802 Saint-Cyr
18%
Nom d'un champagne n'ayant plus de mari Veuve Cliquot
15%
Roi ayant fait ce voeu Louis XIII
9%
Capitale du chocolat Bayonne
6%
Qu'est ce qui est conservée dans la Saint Chapelle ? La couronne d'épine
6%
Quelle est la plus grosse charge de cavalerie de l'histoire de France Eylau
3%
Consécration de la France à la Sainte Vierge 15 aout 1638
0%
Nom d'un fromage basque Ardi Gasna
0%
Chef d'Etat Major Armée de Terre Pierre Schill
0%
Dernière catégorie de personne à obtenir le droit de vote Les militaires
0%
Aucun quiz correspondant
Distribution des résultats
% des personnes avec chaque résultat
Percentile par nombre de réponses
Votre historique - résultats
Vous n’avez pas pris ce quiz